| 000 | 00508nam a2200181Ia 4500 | ||
|---|---|---|---|
| 003 | GCL | ||
| 008 | 140319s9999 xx 000 0 eng d | ||
| 040 |
_aGCL / _cGCL |
||
| 082 | 0 | 4 |
_a613.71 _bW S |
| 100 | 1 | _aWESTCOTT, WAYNE | |
| 245 | 1 | 0 |
_aSTRENGHT FITNESS: PRYSIOLOGICAL PRENCEPLES AND TRAINING TECHNIQUES / _cWESTCOTT, WAYNE |
| 260 |
_a[S.N] : _bW C B BROUN AND BENCHMSRK PUBBISHERS ، _c1995 |
||
| 300 | _a206 P | ||
| 650 | 0 | 4 | _aFITNESS |
| 650 | 0 | 4 | _aPHYSIOLOGY |
| 650 | 0 | 4 | _aHEALTH |
| 942 |
_2ddc _cBK |
||
| 999 |
_c11700 _d11700 |
||